|
|
|
|
| LEADER |
01033nam a22002177a 4500 |
| 082 |
|
|
|a 300
|b ELI/B K2
|
| 100 |
|
|
|a എലിസബത്ത് എസ് ഹെല്ഫ്മന്
|9 237101
|
| 100 |
|
|
|a Elizabeth S Helfman
|9 237102
|
| 240 |
|
|
|a Bhoomi Janatha Charithram
|
| 245 |
|
|
|a ഭൂമി ജനത ചരിത്രം
|
| 250 |
|
|
|a 1st
|
| 260 |
|
|
|a Kottayam;
|b Current Books;
|c 1962
|
| 300 |
|
|
|a 147p.
|
| 650 |
|
|
|a മലയാളം; സാമൂഹ്യ ശാസ്ത്രം
|9 237103
|
| 650 |
|
|
|a Malayalam; Social Science
|9 237104
|
| 700 |
|
|
|a കെ കെ വി മേനോന്,വിവ൪.
|9 237105
|
| 700 |
|
|
|a K K V Menon, Tr.
|9 237106
|
| 942 |
|
|
|c BK
|
| 999 |
|
|
|c 49773
|d 49773
|
| 952 |
|
|
|0 0
|1 0
|4 0
|6 300_000000000000000_ELI_B_K2
|7 0
|8 Socia
|9 58701
|a MAL
|b MAL
|d 2016-03-09
|e 32294
|g 2.00
|l 0
|o 300 ELI/B K2
|p MAL032294
|r 2016-03-09
|t 1
|w 2016-03-09
|y BK
|
| 952 |
|
|
|0 0
|1 0
|4 0
|6 300_000000000000000_ELI_B_K21
|7 0
|8 Socia
|9 58702
|a MAL
|b MAL
|d 2016-07-14
|e 9378
|g 2.00
|l 0
|o 300 ELI/B K2;1
|p MAL009378
|r 2016-07-14
|t 2
|w 2016-07-14
|y BK
|